Statystyki dla geografia - j. włoski

Kliknij tutaj aby rozwiązać quiz!

Ogólne statystyki

  • Ten quiz został rozwiązany 38 razy
  • Średni wynik to 5 z 19

Statystyki odpowiedzi

po polskupo włosku% Poprawnych
morzemare
71%
wulkanvulcano
71%
góramontagna
59%
jeziorolago
47%
oceanoceano
35%
rzekafiume
29%
wyspaisola
29%
wybrzeżecosta
24%
pustyniadeserto
24%
lasforesta
24%
wodospadcascata
12%
wzgórzecollina
12%
dżunglagiungla
12%
bagnopalude
12%
półwyseppenisola
12%
zatokabaia
6%
kanioncanyon
6%
plażaspaggia
6%
pasmo górskiecatena montuosa
0%

Rozkład punktacji

Percentyl według liczby udzielonych odpowiedzi

Procent ludzi z każdym wynikiem

Twoja historia wyników

Nie rozwiązałeś tego quizu